5HLuxD.jpg

KING HENRY VIII SENIOR AND PRIMARY SCHOOL LIBRARY OPAC

The Parker inheritance (Record no. 3558)

000 -LEADER
fixed length control field 01718nam a22002177a 4500
005 - DATE AND TIME OF LATEST TRANSACTION
control field 20240221155514.0
008 - FIXED-LENGTH DATA ELEMENTS--GENERAL INFORMATION
fixed length control field 240221b ||||| |||| 00| 0 eng d
020 ## - INTERNATIONAL STANDARD BOOK NUMBER
International Standard Book Number 9781407192796
040 ## - CATALOGING SOURCE
Transcribing agency KH8
082 ## - DEWEY DECIMAL CLASSIFICATION NUMBER
Classification number 813.6 JOH
100 ## - MAIN ENTRY--PERSONAL NAME
Personal name Johnson, Varian
Relator term Author
245 ## - TITLE STATEMENT
Title The Parker inheritance
Statement of responsibility, etc. Varian Johnson
260 ## - PUBLICATION, DISTRIBUTION, ETC.
Place of publication, distribution, etc. New York,
Name of publisher, distributor, etc. Scholastic Inc.,
Date of publication, distribution, etc. 2018
300 ## - PHYSICAL DESCRIPTION
Extent 331 pages ;
Dimensions 22 cm
520 ## - SUMMARY, ETC.
Summary, etc. The letter waits in a book, in a box, in an attic, in an old house in Lambert, South Carolina. It's waiting for Candice Miller. When Candice finds the letter, she isn't sure she should read it. It's addressed to her grandmother, after all, who left Lambert in a cloud of shame. But the letter describes a young African American woman named Siobhan Washington. An injustice that happened decades ago. A mystery enfolding the letter writer. And the fortune that awaits the person who solves the puzzle. Grandma tried and failed. But now Candice has another chance. So with the help of Brandon Jones, the quiet boy across the street, she begins to decipher the clues in the letter. The challenge will lead them deep into Lambert's history - full of ugly deeds, forgotten heroes, and one great love - and deeper into their own families, with their own unspoken secrets. Can they find the fortune and fulfill the letter's promise before the answers slip into the past yet again? -- From dust jacket
521 ## - TARGET AUDIENCE NOTE
Target audience note Structure indicator: 90 (high) Syntactic indicator: 90 (high) Semantic indicator: 100 (very high) Decoding indicator: 100 (very high)
650 ## - SUBJECT ADDED ENTRY--TOPICAL TERM
Topical term or geographic name entry element African American girls
650 ## - SUBJECT ADDED ENTRY--TOPICAL TERM
Topical term or geographic name entry element African American girls
Form subdivision Juvenile fiction
650 ## - SUBJECT ADDED ENTRY--TOPICAL TERM
Topical term or geographic name entry element African Americans Fiction
942 ## - ADDED ENTRY ELEMENTS (KOHA)
Source of classification or shelving scheme
Koha item type Books - Fiction
Holdings
Withdrawn status Lost status Source of classification or shelving scheme Damaged status Not for loan Collection code Permanent Location Current Location Shelving location Date acquired Total Checkouts Full call number Barcode Date last seen Date last checked out Price effective from Koha item type
          Fiction KH8 Primary School Library KH8 Primary School Library Non Fiction 2024-02-21 1 813.6 JOH KHPL000004481 2026-01-12 2024-09-12 2024-02-21 Books - Fiction

Powered By KH8 IT Dept